A dictionary of altitudes in the United States. (Record no. 24424)

MARC details
000 -LEADER
fixed length control field 00925cam a22002891 4500
001 - CONTROL NUMBER
control field gs 06000397
003 - CONTROL NUMBER IDENTIFIER
control field DLC
005 - DATE AND TIME OF LATEST TRANSACTION
control field 20260227111303.0
008 - FIXED-LENGTH DATA ELEMENTS--GENERAL INFORMATION
fixed length control field 870420s1906 dcu f000 0 eng c
010 ## - LIBRARY OF CONGRESS CONTROL NUMBER
LC control number gs 06000397
035 ## - SYSTEM CONTROL NUMBER
System control number (OCoLC)15554806
040 ## - CATALOGING SOURCE
Original cataloging agency U. S. Geol. Survey. Library
Transcribing agency CU
Modifying agency DLC
042 ## - AUTHENTICATION CODE
Authentication code premarc
043 ## - GEOGRAPHIC AREA CODE
Geographic area code n-us---
050 00 - LIBRARY OF CONGRESS CALL NUMBER
Classification number QE75
Item number .B9
082 ## - DEWEY DECIMAL CLASSIFICATION NUMBER
Classification number 557.3
100 1# - MAIN ENTRY--PERSONAL NAME
Personal name Gannett, Henry,
Dates associated with a name 1846-1914.
245 12 - TITLE STATEMENT
Title A dictionary of altitudes in the United States.
Statement of responsibility, etc. comp. by Henry Gannett.
250 ## - EDITION STATEMENT
Edition statement (4th ed.)
260 ## - PUBLICATION, DISTRIBUTION, ETC.
Place of publication, distribution, etc. Washington,
Name of publisher, distributor, etc. Govt. print. off.,
Date of publication, distribution, etc. 1906.
300 ## - PHYSICAL DESCRIPTION
Extent 1072, ii p.
Dimensions 24 cm.
490 1# - SERIES STATEMENT
Series statement U. S. Geological survey. Bulletin
Volume/sequential designation no. 274
500 ## - GENERAL NOTE
General note Subject series: F, Geography, 47.
500 ## - GENERAL NOTE
General note Issued also as House doc. no. 207, 59th Cong., 1st sess.
651 #0 - SUBJECT ADDED ENTRY--GEOGRAPHIC NAME
Geographic name United States
General subdivision Altitudes.
830 #0 - SERIES ADDED ENTRY--UNIFORM TITLE
Uniform title U. S. Geological survey bulletin ;
Volume/sequential designation no. 274.

No items available.

Powered by Koha